MARC

LEADER 00000nam0a2200000 4500
001 286894
005 20231101235933.0
020 |a RU  |b 85-48243 
035 |a (RuTPU)RU\TPU\book\311249 
090 |a 286894 
100 |a 20150311d1985 km y0rusy5003 ca 
101 0 |a rus 
102 |a RU 
105 |a a z 001zy 
200 1 |a Основы технологии бетона в условиях сухого жаркого климата  |f С. А. Миронов, Е. Н. Малинский 
210 |a Москва  |c Стройиздат  |d 1985 
215 |a 316 с.  |c ил. 
320 |a Библиогр.: с. 306-316 
606 1 |a Бетонные работы в условиях жаркого климата  |2 stltpush  |3 (RuTPU)RU\TPU\subj\28511  |9 52031 
610 1 |a бетон 
610 1 |a производство 
610 1 |a технология 
610 1 |a бетонные конструкции 
610 1 |a долговечность 
610 1 |a бетонные смеси 
610 1 |a подвижность 
610 1 |a укладка 
610 1 |a структура 
610 1 |a свойства 
675 |a 693.547.6  |z rus  |v 3 
700 1 |a Миронов  |b С. А.  |g Сергей Андреевич  |4 070 
701 1 |a Малинский  |b Е. Н.  |g Евгений Наумович  |4 070 
801 0 |a RU  |b RuMRKP  |c 19950704  |g psbo 
801 1 |a RU  |b 63413507  |c 20150311 
801 2 |a RU  |b 63413507  |c 20180111  |g RCR 
942 |c BK